000 00318nam a22001217a 4500
008 240615b |||||||| |||| 00| 0 eng d
020 _a81-203-2058-1
100 _aRamakant A Gayakwad
245 _aOP AMPS & Linear Integrated Circuits
260 _aNew Delhi
_bPrentice Hall
_c2003
300 _a542
942 _2ddc
_cBK
999 _c20722
_d20722